000 00583nam a22001577a 4500
005 2012050303473.0
020 _a8170245907
_c00.00
035 _aA-679373
037 _aDPL
_bENG
100 _aPrem Prakash
_946299
245 _aAmbedkar, politics and scheduled castes /
_cby Prem Prakash
260 _aNew Delhi
_bAshish Publishing House
_c1993
300 _a181p.
_c18 cms.
942 _2ddc
_cEN
_h306.5
_mPRE
999 _c66074
_d66074